000 00672nam a2200193 a 4500
001 000036788
005 20200930075933.0
008 120201s1983 xxu 000 0 spa d
040 _aDO-SdBNP
_bspa
_cBNPHU
245 0 0 _aSteroide and endometrial cancer /
_ceditors, Valerio Maria Jasonni, Italo Nenci, Carlo Flamigni.
260 _aNew York :
_bRaven Press,
_c1983.
300 _a245 p. ;
_c23 cm.
490 1 _aProgress in cancer research and therapy ;
_v25
500 _aIncluye índice
700 1 2 _aJasonni, Valerio Maria.
_963124
700 1 2 _aNenci, Italo
_963125
700 1 2 _aFlamigni, Carlo
_963126
830 0 _aProgress in cancer research and therapy
_v25
_963127
999 _c36279
_d36279